Normal view
MARC view
Entry Topical Term
001 - CONTROL NUMBER
- control field: 1497
003 - CONTROL NUMBER IDENTIFIER
- control field: OSt
005 - DATE AND TIME OF LATEST TRANSACTION
- control field: 20110422121256.0
008 - FIXED-LENGTH DATA ELEMENTS
- fixed length control field: 110422|||a|||||| | ||| d
040 ## - CATALOGING SOURCE
- Original cataloging agency: OSt
- Transcribing agency: OSt
150 ## - HEADING--TOPICAL TERM
- Topical term or geographic name as entry element: Charitable uses, trusts, and foundations
- Geographic subdivision: Great Britain.
670 ## - SOURCE DATA FOUND
- Source citation: Work cat.: (OSt)0: Warburton, Jean. 1495, Tudor on charities /, 2003.
